[Event "MSR2018s4"]
[Site "?"]
[Date "2018.04.23"]
[Round "4.21"]
[White "Durana, Jonas"]
[Black "Tokarcik, Jan"]
[Result "0-1"]
[BlackElo "1343"]
[WhiteElo "1146"]
[LiveChessVersion "1.4.8"]

1. e4 {[%clk 1:30:57]} d6 {[%clk 1:30:54]} 2. d4 {[%clk 1:31:15]} Nf6
{[%clk 1:31:17]} 3. Nc3 {[%clk 1:31:30]} g6 {[%clk 1:31:40]} 4. Nf3
{[%clk 1:31:52]} Bg7 {[%clk 1:31:53]} 5. Be3 {[%clk 1:32:10]} c6 {[%clk 1:31:38]}
6. Bd3 {[%clk 1:32:07]} Nbd7 {[%clk 1:28:37]} 7. Bf4 {[%clk 1:31:57]} b5
{[%clk 1:25:32]} 8. a3 {[%clk 1:31:45]} Bb7 {[%clk 1:25:01]} 9. O-O
{[%clk 1:31:38]} O-O {[%clk 1:25:08]} 10. Qe2 {[%clk 1:31:37]} a6
{[%clk 1:24:37]} 11. e5 {[%clk 1:30:45]} dxe5 {[%clk 1:23:32]} 12. dxe5
{[%clk 1:30:38]} Nd5 {[%clk 1:23:38]} 13. Nxd5 {[%clk 1:30:14]} cxd5
{[%clk 1:23:21]} 14. e6 {[%clk 1:29:47]} Nc5 {[%clk 1:21:54]} 15. exf7+
{[%clk 1:29:20]} Rxf7 {[%clk 1:21:50]} 16. Be5 {[%clk 1:25:10]} Bf6
{[%clk 1:20:06]} 17. Qe3 {[%clk 1:24:13]} Nxd3 {[%clk 1:18:31]} 18. cxd3 Qf8
{[%clk 1:17:22]} 19. Qb6 {[%clk 1:20:29]} Rb8 {[%clk 1:16:44]} 20. Bxb8
{[%clk 1:20:40]} Qxb8 {[%clk 1:16:25]} 21. Rac1 {[%clk 1:18:46]} e5
{[%clk 1:15:31]} 22. Rc6 {[%clk 1:18:32]} Bd8 {[%clk 1:15:04]} 23. Qc5
{[%clk 1:17:37]} Bxc6 {[%clk 1:14:29]} 24. Qxc6 {[%clk 1:17:56]} Qb7
{[%clk 1:14:44]} 25. Qe8+ {[%clk 1:18:05]} Rf8 {[%clk 1:14:15]} 26. Qe6+
{[%clk 1:18:22]} Qf7 {[%clk 1:11:33]} 27. Qxe5 {[%clk 1:18:20]} Bc7
{[%clk 1:10:58]} 28. Qd4 {[%clk 1:17:00]} Bb8 {[%clk 1:09:23]} 29. Ng5
{[%clk 1:17:08]} Qf4 {[%clk 1:09:14]} 30. Qxd5+ {[%clk 1:16:07]} Kh8 31. Nf3
{[%clk 1:16:13]} Qc7 {[%clk 1:03:45]} 32. Re1 {[%clk 1:12:53]} Rd8
{[%clk 0:54:08]} 33. Qe4 {[%clk 1:12:00]} Ba7 {[%clk 0:52:35]} 34. Qe5+
{[%clk 1:10:25]} Qxe5 {[%clk 0:52:39]} 35. Nxe5 {[%clk 1:10:44]} Rd5
{[%clk 0:52:53]} 36. Nc6 {[%clk 1:09:29]} Bc5 {[%clk 0:53:05]} 37. Nb8
{[%clk 1:08:32]} Rxd3 {[%clk 0:53:04]} 38. Nxa6 {[%clk 1:08:52]} Bb6
{[%clk 0:53:17]} 39. Re5 {[%clk 1:08:25]} Rd1+ {[%clk 0:53:08]} 0-1

[Event "MSR2018s4"]
[Site "?"]
[Date "2018.04.23"]
[Round "4.22"]
[White "Visvader, Kristof"]
[Black "Oruzinsky, Juraj"]
[Result "1-0"]
[BlackElo "1000"]
[WhiteElo "1252"]
[LiveChessVersion "1.4.8"]

1. e4 {[%clk 1:30:58]} e5 {[%clk 1:30:51]} 2. Nf3 {[%clk 1:31:23]} Nc6
{[%clk 1:31:11]} 3. Bb5 {[%clk 1:31:46]} Bc5 {[%clk 1:31:34]} 4. c3
{[%clk 1:31:38]} a6 {[%clk 1:31:46]} 5. Ba4 {[%clk 1:31:58]} b5 {[%clk 1:31:58]}
6. Bc2 {[%clk 1:32:05]} d6 {[%clk 1:32:21]} 7. d4 {[%clk 1:32:18]} Bb6
{[%clk 1:32:17]} 8. d5 {[%clk 1:32:05]} Na5 {[%clk 1:32:24]} 9. Nbd2
{[%clk 1:32:02]} Nc4 {[%clk 1:32:23]} 10. Nxc4 {[%clk 1:32:04]} bxc4
{[%clk 1:32:38]} 11. O-O {[%clk 1:31:39]} Bg4 {[%clk 1:32:59]} 12. b3
{[%clk 1:31:11]} cxb3 {[%clk 1:32:13]} 13. axb3 {[%clk 1:31:19]} h6
{[%clk 1:32:29]} 14. Bd3 {[%clk 1:31:29]} Qc8 {[%clk 1:31:38]} 15. Qe2
{[%clk 1:31:19]} a5 {[%clk 1:31:12]} 16. Bb5+ {[%clk 1:31:31]} Bd7
{[%clk 1:30:20]} 17. b4 {[%clk 1:30:56]} Bxb5 {[%clk 1:30:04]} 18. Qxb5+
{[%clk 1:31:17]} Qd7 {[%clk 1:30:22]} 19. Qxd7+ {[%clk 1:31:13]} Kxd7
{[%clk 1:30:49]} 20. Be3 {[%clk 1:30:57]} Nf6 {[%clk 1:30:52]} 21. Bxb6
{[%clk 1:30:47]} cxb6 {[%clk 1:31:03]} 22. Nd2 {[%clk 1:30:49]} Ra7
{[%clk 1:29:27]} 23. Ra3 {[%clk 1:30:33]} Rha8 {[%clk 1:29:35]} 24. Rfa1
{[%clk 1:30:55]} Kc7 {[%clk 1:28:44]} 25. f3 {[%clk 1:29:37]} Kb7
{[%clk 1:28:40]} 26. Nc4 {[%clk 1:29:44]} Ne8 {[%clk 1:26:58]} 27. bxa5
{[%clk 1:27:10]} bxa5 {[%clk 1:25:20]} 28. Rb3+ {[%clk 1:27:16]} Kc7
{[%clk 1:25:08]} 29. Ra4 {[%clk 1:25:50]} Ra6 {[%clk 1:23:59]} 30. Kf2
{[%clk 1:25:38]} R6a7 {[%clk 1:23:33]} 31. Ke3 {[%clk 1:25:39]} Nf6
{[%clk 1:22:15]} 32. Rb6 {[%clk 1:25:21]} Ne8 {[%clk 1:21:00]} 33. Rb5
{[%clk 1:25:34]} Rb8 {[%clk 1:18:20]} 34. Rxb8 {[%clk 1:25:23]} Kxb8
{[%clk 1:18:32]} 35. Rxa5 {[%clk 1:25:38]} Rxa5 {[%clk 1:17:05]} 36. Nxa5
{[%clk 1:26:01]} Kc7 {[%clk 1:17:14]} 37. Kd3 {[%clk 1:25:48]} Nf6
{[%clk 1:17:31]} 38. Kc4 {[%clk 1:25:17]} Kb6 {[%clk 1:17:22]} 39. Kb4
{[%clk 1:25:25]} Nh5 {[%clk 1:17:40]} 40. g3 {[%clk 1:25:35]} g6 {[%clk 1:17:40]}
41. c4 {[%clk 1:25:48]} f5 {[%clk 1:17:40]} 42. Nb3 {[%clk 1:25:22]} f4
{[%clk 1:17:19]} 43. g4 {[%clk 1:25:04]} Nf6 {[%clk 1:17:02]} 44. c5+
{[%clk 1:24:41]} Kc7 {[%clk 1:16:43]} 45. c6 {[%clk 1:23:42]} Nxe4
{[%clk 1:16:33]} 46. fxe4 {[%clk 1:23:59]} h5 {[%clk 1:15:32]} 47. h3
{[%clk 1:23:52]} h4 {[%clk 1:15:05]} 48. Nd2 {[%clk 1:23:57]} Kb6
{[%clk 1:14:27]} 49. Ka4 Ka6 {[%clk 1:12:47]} 50. c7 {[%clk 1:24:34]} Kb7
{[%clk 1:12:32]} 51. Kb5 {[%clk 1:24:47]} Kxc7 {[%clk 1:12:26]} 52. Ka6 1-0

[Event "MSR2018s4"]
[Site "?"]
[Date "2018.04.23"]
[Round "4.23"]
[White "Vozar, Adam"]
[Black "Orgon, Jakub"]
[Result "0-1"]
[BlackElo "1218"]
[WhiteElo "1058"]
[LiveChessVersion "1.4.8"]

1. e4 {[%clk 1:30:45]} c5 {[%clk 1:30:55]} 2. Nf3 {[%clk 1:31:06]} d6
{[%clk 1:31:19]} 3. d4 {[%clk 1:31:15]} cxd4 {[%clk 1:31:40]} 4. Nxd4
{[%clk 1:31:36]} Nf6 {[%clk 1:32:02]} 5. Nc3 {[%clk 1:31:55]} g6 {[%clk 1:32:24]}
6. Be3 Bg7 {[%clk 1:32:46]} 7. Bc4 {[%clk 1:31:40]} O-O {[%clk 1:33:06]} 8. O-O
{[%clk 1:31:51]} Nxe4 {[%clk 1:32:55]} 9. Nxe4 {[%clk 1:32:04]} d5
{[%clk 1:33:18]} 10. Bxd5 {[%clk 1:31:01]} Qxd5 {[%clk 1:33:39]} 11. Qd3
{[%clk 1:31:21]} Bf5 {[%clk 1:33:51]} 12. f3 {[%clk 1:31:31]} Nd7
{[%clk 1:33:19]} 13. Nxf5 {[%clk 1:30:09]} Qxf5 {[%clk 1:32:37]} 14. Nc3
{[%clk 1:29:50]} Qxd3 {[%clk 1:32:09]} 15. cxd3 {[%clk 1:30:11]} Ne5
{[%clk 1:32:30]} 16. d4 {[%clk 1:30:27]} Nc4 {[%clk 1:32:11]} 17. Bf2
{[%clk 1:29:46]} Nxb2 {[%clk 1:32:10]} 18. Rab1 {[%clk 1:29:07]} Nd3
{[%clk 1:32:26]} 19. Be3 {[%clk 1:29:22]} e5 {[%clk 1:30:57]} 20. dxe5
{[%clk 1:23:44]} Nxe5 {[%clk 1:30:54]} 21. Rxb7 {[%clk 1:23:56]} Nc4
{[%clk 1:31:13]} 22. Bxa7 {[%clk 1:23:58]} Bxc3 {[%clk 1:31:20]} 23. Rc1
{[%clk 1:23:35]} Rxa7 {[%clk 1:30:53]} 24. Rxa7 {[%clk 1:23:35]} Bd4+
{[%clk 1:31:16]} 25. Kf1 {[%clk 1:22:15]} Ne3+ {[%clk 1:31:36]} 0-1

[Event "MSR2018s4"]
[Site "?"]
[Date "2018.04.23"]
[Round "4.24"]
[White "Paholok, Adam"]
[Black "Petrus, Daniel"]
[Result "1-0"]
[BlackElo "1122"]
[WhiteElo "1535"]
[LiveChessVersion "1.4.8"]

1. e4 {[%clk 1:30:58]} e5 {[%clk 1:30:50]} 2. Nf3 {[%clk 1:31:20]} Nf6
{[%clk 1:31:12]} 3. Nc3 {[%clk 1:31:41]} Nc6 {[%clk 1:31:35]} 4. d4
{[%clk 1:31:59]} exd4 {[%clk 1:31:53]} 5. Nxd4 {[%clk 1:32:14]} Bb4
{[%clk 1:32:08]} 6. Nxc6 {[%clk 1:32:32]} bxc6 {[%clk 1:32:28]} 7. Bd2
{[%clk 1:32:12]} Qe7 {[%clk 1:32:25]} 8. Bd3 {[%clk 1:31:46]} O-O
{[%clk 1:32:30]} 9. O-O {[%clk 1:32:08]} Bb7 {[%clk 1:32:40]} 10. a3
{[%clk 1:31:30]} Bxc3 {[%clk 1:32:48]} 11. Bxc3 {[%clk 1:31:43]} d5
{[%clk 1:32:40]} 12. Re1 {[%clk 1:31:20]} dxe4 13. Bxf6 {[%clk 1:31:21]} Qxf6
{[%clk 1:33:05]} 14. Bxe4 {[%clk 1:31:22]} Qxb2 {[%clk 1:32:56]} 15. Rb1
{[%clk 1:31:23]} Qxa3 {[%clk 1:32:47]} 16. Rxb7 {[%clk 1:31:44]} Rfd8
{[%clk 1:32:19]} 17. Qf3 {[%clk 1:31:09]} Qxf3 {[%clk 1:32:32]} 18. Bxf3
{[%clk 1:31:30]} a5 {[%clk 1:32:30]} 19. Rxc7 {[%clk 1:29:31]} a4
{[%clk 1:32:50]} 20. Rxc6 {[%clk 1:29:07]} a3 {[%clk 1:33:13]} 21. Rb6
{[%clk 1:27:20]} Ra7 {[%clk 1:33:05]} 22. Kf1 {[%clk 1:26:49]} f6
{[%clk 1:33:13]} 23. Ra1 {[%clk 1:25:57]} Rc8 {[%clk 1:32:27]} 24. Bd5+
{[%clk 1:23:04]} Kf8 {[%clk 1:32:43]} 25. c4 {[%clk 1:22:58]} Ke7
{[%clk 1:32:20]} 26. Rb3 {[%clk 1:21:33]} a2 {[%clk 1:31:51]} 27. Rb2
{[%clk 1:21:50]} Kd6 {[%clk 1:29:17]} 28. Rbxa2 {[%clk 1:21:52]} Rxa2
{[%clk 1:29:33]} 29. Rxa2 {[%clk 1:22:11]} g5 {[%clk 1:29:43]} 30. Ra6+
{[%clk 1:22:11]} Ke5 {[%clk 1:29:50]} 31. Re6+ {[%clk 1:22:03]} Kf5
{[%clk 1:29:58]} 32. Re7 {[%clk 1:21:18]} h5 {[%clk 1:30:17]} 33. Be6+
{[%clk 1:21:40]} 1-0